Alle Ligue 1 Teams aller Zeiten - Statistiken

Allgemein
  • Dieses Quiz wurde 89 mal gespielt
  • Das Durchschnittsergebnis liegt bei 33 aus 74
Antwortstatistiken
Fußballverein # % Korrekt
Olympique de Marseille 74
100%
FC Girondins de Bordeaux 69
98%
Olympique Lyonnais 66
98%
AS Monaco FC 65
97%
Lille OSC 64
94%
OGC Nice 65
94%
Olympique Lillois 7
94%
RC Paris 30
92%
AS Saint-Étienne 69
91%
Paris FC 3
91%
Stade Rennais FC 67
91%
FC Nantes 55
88%
Montpellier HSC 42
88%
Paris Saint-Germain FC 51
88%
Stade Brestois 29 18
83%
RC Lens 62
82%
Toulouse FC 34
82%
Toulouse FC 19
82%
Stade de Reims 40
80%
RC Strasbourg Alsace 63
76%
FC Metz 64
74%
AC Ajaccio 14
70%
Le Havre AC 24
70%
AJ Auxerre 33
61%
Grenoble Foot 38 4
61%
Dijon FCO 6
59%
AS Nancy Lorraine 30
56%
FC Nancy 15
56%
Angers SCO 31
55%
Clermont Foot 63 3
53%
FC Lorient 17
50%
En Avant Guingamp 13
47%
AS Cannes 22
45%
Nîmes Olympique 40
45%
SC Bastia 34
45%
Stade Malherbe Caen 18
44%
Amiens SC 3
42%
FC Sochaux-Montbéliard 66
41%
Valenciennes FC 33
41%
Es Troyes AC 19
39%
Tours FC 4
36%
FC Rouen 19
33%
Le Mans FC 6
33%
Red Star FC 16
32%
SC Toulon 12
32%
AC Avignonnais 1
26%
Thonon Evian Grand Genève FC 6
26%
FC Mulhouse 6
24%
Stade Lavallois 13
20%
US Boulogne 1
20%
CS Sedan Ardennes 23
18%
Limoges FC 3
18%
Pays d'Aix FC 1
15%
FC Sète 34 16
14%
AC Arles-Avignon 1
12%
SR Colmar 1
12%
AS Béziers Hérault 1
11%
CO Roubaix-Tourcoing 10
9%
FC Martigues 3
9%
Chamois Niortais FC 1
8%
FC Istres 1
8%
Gazélec Ajaccio 1
8%
RC Roubaix 3
8%
FC Antibes 7
6%
LB Châteauroux 1
6%
Stade Français 15
6%
Club Français 1
5%
Olympique Alès 6
5%
SC Fives 7
5%
Angoulême Charente FC 3
3%
Excelsior AC 7
3%
FC Gueugnon 1
3%
CA Paris-Charenton 2
2%
Hyères FC 1
2%
Keine übereinstimmenden Quizze gefunden
Verteilung der Resultate
Anzahl Personen mit jedem Resultat
Perzentil nach korrekt beantworteten Fragen
Ihre Resultats-Entwicklung
Sie haben dieses Quiz noch nicht gespielt